00388nam a2200157 a 4500020001800000082001900018100001800037245001900055260003400074300000900108500003500117505001700152650002100169650002200190700001800212 a8190019 00a322.10954bSHO aShourie, Arun aSecular Agenda aDelhibASA Publicationsc1994 a376p aincludes index and biblioraphy2 aBibliography aSecularism-India aCommunalism-India1 aShourie, Arun